000 01042nam a2200265Ia 4500
003 OSt
005 20251127143029.0
008 210716s2017 xx 000 0 und d
020 _a9781783551606
040 _cAIMIT LIBRARY
041 _aeng
082 _a006.31
_21
_bAMIS
100 _aAmirghodsi, Siamak.
_9246999
245 _aApache spark 2.x machine learning cookbook: over 100 recipes to simplify machine learning model implementations with spark.
_bOver 100 recipes to simplify machine learning model implementations with spark.
250 _a1
260 _aMumbai
_bPackt Publishing Ltd
_c2017
300 _a637P. ;
_bPB
_c24 cm
650 _aJust enough linear algebra for machine learning with spark
_9247000
650 _aCommon recipes for implementing a robust machinelearning system
_9247001
650 _aSpark streaming and machine learning library
_9247002
700 _aRajendran, Meenakshi.
_9247003
700 _aHall, Broderick.
_9247004
700 _aMei, Shuen.
_9247005
942 _2ddc
_cBK
_e1st
_k006.31 AMIS
999 _c196523
_d196523